| 000 | 00941cam a22002897a 4500 | ||
|---|---|---|---|
| 003 | CHAP | ||
| 005 | 20220329141333.0 | ||
| 008 | 971013s1986 r 00010 d | ||
| 010 | _a66615 | ||
| 011 | _a67587 | ||
| 035 | _a77057 | ||
| 040 | _cCHAP | ||
| 090 | _aFolleto 12089 | ||
| 110 |
_aUACH. Departamento de Trabajos de Campo Universitarios. Coordinación Chiapas _9115898 |
||
| 245 | 0 | _aCultivo del Café | |
| 260 |
_a[s.l.] : _bUACH. Departamento de Trabajos de Campo Universitarios, _c1986 |
||
| 300 |
_a25 p. _b: ilus. |
||
| 590 |
_aBATCH-UPD _b10 _c20130110 _lUCH01 _h1059 |
||
| 590 |
_aBATCH-UPD _b10 _c20130410 _lUCH01 _h0653 |
||
| 590 |
_aBATCH-UPD _b10 _c20130914 _lUCH01 _h0807 |
||
| 590 |
_aCONVERSION _b10 _c20130109 _lUCH01 _h1337 |
||
| 650 | 1 | 4 |
_aCafé. _917085 |
| 901 | _aBK | ||
| 942 | _cFOLL | ||
| 949 |
_aFolleto 12089 _bBC _cFOLL _d-29919 _eTS1 _i77057 _si |
||
| 949 |
_aFolleto 12089 _bBC _cUACH _d-95367 _eUACH _fc.2 _i77057 _si |
||
| 999 |
_c66615 _d66615 |
||